000 00277nam a22001097a 4500
082 _a891.53708ا ر ن
100 _aڈاکٹر ارنیسٹ ٹرمپ
245 _aشاھ جو رسالو
260 _aکراچی
_bسندھ حکومت
_c۲۰۰۸
300 _a۷۳۹
942 _cBK
999 _c15061
_d15061